01130nam a2200241Ia 450000100060000000300090000600800410001504000130005604000130006904100130008210000260009510000290012124500770015024500770022725000110030426000110031526000240032626000490035030000550039950003700045465000330082465000310085792287IT-RoPAU130308s9999 xx 000 0 und d aIT-RoPAU cIT-RoPAU aSPAGNOLO aGaritaonandia Carmelo gCodice Aut. SPICS: 32274 aRadio en Espana (La) (1923-1939)-Da altavoz musical a arma de propaganda bRadio En Espana (La) (1923-1939)-Da Altavoz Musical a Arma de Propaganda a1a ed. aMADRID bSiglo XXI De Espana c1988 [1° Ed.:1988 - Ed.Ling.Originale:1988] a"256 p. (prefazione: 4; testo: 252 [pagine: 0-0])" aRadio in Spagna 1923 1939 da Altoparlante Musicale Ad Arma di propaganda Nascita e Sviluppo della Radio Storia dei Primi Anni della Radio spagnola Radio Diventa mezzo d'informazione Uso Politico della Radio Servizio Nazionale di Radiodiffusione Emittenti locali Radio Rivoluzione di Ottobre e trionfo del Fronte Popolare Guerra delle Onde Radio dei partiti Politici aSTORIA NAZIONALE DELLA RADIO eCodice materia Spics: 6909